| 000 | 01094nam a22003017a 4500 | ||
|---|---|---|---|
| 001 | BR7702006 | ||
| 003 | BR-BrBNA | ||
| 005 | 20230928085243.0 | ||
| 007 | ta | ||
| 008 | 230509b bl.||||| |||| 00| 0 por d | ||
| 040 |
_aBR-BrBNA _bpor _cBiblioteca Nacional de Agricultura |
||
| 041 | _a(Por) | ||
| 072 |
_aF23; F22 _b3840 _b/G514 |
||
| 090 | _ 3840 BR7702006 | ||
| 100 | 1 | _aLopes Sobrinho, N.A. | |
| 110 | 1 |
_aUniversidade Federal da Bahia, Salvador (Brasil). Inst. de Geociencias _0Tese (Mestre em Pedologia) _910735 |
|
| 245 | 1 | _aEstudo do comportamento estrutural de solos desenvolvidos de calcario bambui e de embasamento cristalino nas areas de Irece, Castro Alves e Camaca (Bahia)[Brasil] | |
| 260 | 3 |
_aSalvador, BA (Brasil): _c1977. |
|
| 300 | _a55 p. | ||
| 500 | _a6 tables; 1 Map, scale 1:5,000,000; 28 ref. (*) Documento disponível na(o) UFBA, Salvador (Brazil). Inst. de Geociencias | ||
| 650 | _aEstrutura do solo | ||
| 650 | _aMateria organica | ||
| 650 | _aHorizonte | ||
| 650 | _aSolo | ||
| 650 | _aBahia | ||
| 909 |
_a202309 _bLucia _c55 _dLucia Elande |
||
| 942 | _cBK | ||
| 999 |
_c23506 _d23506 |
||